| 000 | 00485nmm a2200169Ia 4500 | ||
|---|---|---|---|
| 008 | 251105s9999||||xx |||||||||||||||||und|| | ||
| 020 | _a8498300584 | ||
| 041 | _aspa | ||
| 100 | _aBerraondo, Mikel (coord.) | ||
| 245 | 0 | _aPueblos indígenas y derechos humanos | |
| 264 |
_a[Madrid, España] : _bUniversidad de Deusto, _c2006 |
||
| 300 | _a690 páginas | ||
| 490 | _aAzul - Deusto Forum | ||
| 650 | _aLaw | ||
| 856 | _uhttps://public.digitaliapublishing.com/a/45118 | ||
| 942 | _cCF | ||
| 999 |
_c74286 _d74286 |
||